<?xml version="1.0" encoding="UTF-8"?><?xml-stylesheet type="text/xsl" href="static/style.xsl"?><OAI-PMH xmlns="http://www.openarchives.org/OAI/2.0/" xmlns:xsi="http://www.w3.org/2001/XMLSchema-instance" xsi:schemaLocation="http://www.openarchives.org/OAI/2.0/ http://www.openarchives.org/OAI/2.0/OAI-PMH.xsd"><responseDate>2026-06-01T04:33:21Z</responseDate><request verb="GetRecord" identifier="oai:riuma.uma.es:10630/14866" metadataPrefix="marc">https://riuma.uma.es/rest/oai/request</request><GetRecord><record><header><identifier>oai:riuma.uma.es:10630/14866</identifier><datestamp>2026-02-03T12:22:41Z</datestamp><setSpec>com_10630_2254</setSpec><setSpec>col_10630_37959</setSpec></header><metadata><record xmlns="http://www.loc.gov/MARC21/slim" xmlns:dcterms="http://purl.org/dc/terms/" xmlns:doc="http://www.lyncode.com/xoai" xmlns:xsi="http://www.w3.org/2001/XMLSchema-instance" xsi:schemaLocation="http://www.loc.gov/MARC21/slim http://www.loc.gov/standards/marcxml/schema/MARC21slim.xsd">
   <leader>00925njm 22002777a 4500</leader>
   <datafield ind2=" " ind1=" " tag="042">
      <subfield code="a">dc</subfield>
   </datafield>
   <datafield ind2=" " ind1=" " tag="720">
      <subfield code="a">Morgado-Bernal, Ignacio</subfield>
      <subfield code="e">author</subfield>
   </datafield>
   <datafield ind2=" " ind1=" " tag="260">
      <subfield code="c">2017-12-12</subfield>
   </datafield>
   <datafield ind2=" " ind1=" " tag="520">
      <subfield code="a">1.	Quién soy yo: Cerebro, mente y consciencia &#xd;
En esta parte se explica que antes que nada somos nuestro cerebro y la mente que él crea, que la consciencia es un estado especial de la mente y que el cerebro podría crear la consciencia integrando funcionalmente la actividad de diferentes áreas de la corteza cerebral. &#xd;
&#xd;
2.	Naturaleza de las Emociones y los Sentimientos &#xd;
En este apartado se abordan las emociones como cambios autonómicos, neuroendocrinos y conductuales somáticos mientras que los sentimientos son la percepción consciente de esos cambios.&#xd;
&#xd;
3.	Función de las emociones &#xd;
En el tercer apartado se explica el papel de las emociones y los sentimientos en la atención, la comunicación, la memoria, la toma de decisiones y el establecimiento del sistema de valores que guía el comportamiento. &#xd;
&#xd;
4.	Inteligencia Emocional y Social &#xd;
Trata sobre la inteligencia emocional como el uso de la razón para gestionar eficazmente los sentimientos y la inteligencia social como una capacidad basada en la anterior que consiste en crear apego y cooperación evitando conflictos entre las personas. &#xd;
&#xd;
5.	Los Límites del Cerebro y la Mente Humana &#xd;
Por fin, en la última parte se explica la evolución filogenética y ontogenética de la consciencia y las limitaciones del cerebro humano para entender su naturaleza.</subfield>
   </datafield>
   <datafield ind1="8" ind2=" " tag="024">
      <subfield code="a">https://hdl.handle.net/10630/14866</subfield>
   </datafield>
   <datafield tag="653" ind2=" " ind1=" ">
      <subfield code="a">Emociones</subfield>
   </datafield>
   <datafield tag="653" ind2=" " ind1=" ">
      <subfield code="a">Cerebro</subfield>
   </datafield>
   <datafield ind2="0" ind1="0" tag="245">
      <subfield code="a">Emociones y cerebro</subfield>
   </datafield>
</record>
</metadata></record></GetRecord></OAI-PMH>